=LDR 00000nam 2200000 4500 =001 INLIS000000000039993 =005 20130612145603 =008 ***********************************IND** =035 ##$$0010-061300000039993 =041 ##$$a IND =082 ##$$a 615.8 =090 ##$$a 615.8, Mir h =100 ##$$a Dr.Dayal Mirchandani MD,DPM =245 ##$$a Healing Heart Disease Narurally =850 ##$$a NBPNMAT